| 000 | 00706nam a2200205 a 4500 | ||
|---|---|---|---|
| 005 | 20240911063725.0 | ||
| 008 | 991125s1976 mx 000 0 spa u | ||
| 020 | _a8432295043 | ||
| 035 | _aUPN01000051031 | ||
| 049 | _aCG | ||
| 050 | 4 |
_aHN110.5 A4.4 _bC3.7 |
|
| 100 | 1 |
_aCaldera Rodríguez, Rafael, _d1916- |
|
| 245 | 1 | 0 |
_aReflexiones de La Rábida : _bpolítica y ciencia social ante la realidad latinoamericana / _cRafael Caldera. |
| 260 |
_aMéxico : _bSeix Barral, _c1976. |
||
| 300 | _a112 p. | ||
| 440 | 0 |
_aBiblioteca breve Seix Barral. _pEnsayo ; _v396 |
|
| 651 | 2 |
_aAmérica Latina _xCondiciones sociales _92836 |
|
| 651 | 4 |
_aAMERICA LATINA - _xPOLITICA Y GOBIERNO - _y1948- _93993 |
|
| 905 | _aLibro | ||
| 999 |
_c51031 _d51031 |
||